000 00701nam a2200241 a 4500
001
003 OSt
005 20211104103341.0
008 081127s2009 dr r 000 0bspa d
040 _aDO-SdBNP
_bspa
_cBPMSU
082 4 _a923.77295
_bH831b 1991
_222
100 1 _a Bosch, Juan,
_d1909-2001
_91
245 1 0 _aHostos, el sembrador /
_cJuan Bosch.
250 _a6a ed.
260 _aSanto Domingo :
_bAlfa & Omega,
_c1991.
300 _a278 p. ;
_c21 cm.
490 0 _aBiografías americanas
590 _aInventariado, 2021/VM
600 1 4 _aHostos y Bonilla, Eugenio María de
_d1839-1903
650 4 _aIntelectuales
_zPuerto Rico
_vBiografías
910 _aVMateo V.
942 _2ddc
_cBK
999 _c13833
_d13833